| 000 | 00717nam a2200229Ia 4500 | ||
|---|---|---|---|
| 005 | 20250508164303.0 | ||
| 008 | 008 250505s9999 xx 000 0 eng d | ||
| 020 | _a1-4051-3049-0; 978-1-4051-3357-9 | ||
| 037 | _aTextBook | ||
| 040 |
_aFEDL _beng _cFEDL |
||
| 041 |
_aeng _2eng |
||
| 084 |
_a001.42, PRO _qFEDL |
||
| 100 | _aProctor Robert W | ||
| 245 | 0 | _aWhy science matters : Understanding the methods of psychological research | |
| 260 |
_aMalden, USA _bBlackwell _c2006 |
||
| 300 | _axii,229p | ||
| 365 |
_aGBP _b19.99 |
||
| 650 |
_aResearch-Education; Psychology-Research Methodology _9777836 |
||
| 700 |
_a Capaldi E J _9777837 |
||
| 942 |
_cTB _h001.42, PRO |
||
| 999 |
_c1388142 _d1388142 |
||